| 000 -LEADER |
| fixed length control field |
00709nam a22001337a 4500 |
| 040 ## - CATALOGING SOURCE |
| Transcribing agency |
RUA |
| 082 ## - DEWEY DECIMAL CLASSIFICATION NUMBER |
| Classification number |
AGR SOM 2017 B646 Or.1 |
| 100 ## - MAIN ENTRY--AUTHOR NAME |
| Personal name |
SOEM THU សុឹម ធូ |
| 245 ## - TITLE STATEMENT |
| Title |
comparison of different kinds of manure green onion ( Allium fistulosum L ) in tuek vil commune, S'ang district, kandal province ការប្រៀបធៀបជីលាមកសត្វលើដំណាំខ្ទឹមស្លឺមនៅឃុំ ទឺកវិល ស្រុកស្អាងខេត្តកណ្តាល |
| 260 ## - PUBLICATION, DISTRIBUTION, ETC. (IMPRINT) |
| Place of publication |
RUA |
| Name of publisher |
Phnom penh |
| Year of publication |
2017 |
| 300 ## - PHYSICAL DESCRIPTION |
| Number of Pages |
xi;49p |
| Other physical details |
ill; |
| Dimensions |
29cm |
| 856 ## - ELECTRONIC LOCATION AND ACCESS |
| Uniform Resource Identifier |
https://drive.google.com/file/d/1qloEUWptbSa9cpBs7R73l33mN5TP4ED-/view?usp=sharing |
| 942 ## - ADDED ENTRY ELEMENTS (KOHA) |
| Koha item type |
AGR |
| 952 ## - LOCATION AND ITEM INFORMATION (KOHA) |
| Withdrawn status [LOCAL, KOHA] |
0 |
| 952 ## - LOCATION AND ITEM INFORMATION (KOHA) |
| Withdrawn status [LOCAL, KOHA] |
0 |
| 952 ## - LOCATION AND ITEM INFORMATION (KOHA) |
| Withdrawn status [LOCAL, KOHA] |
0 |
| 952 ## - LOCATION AND ITEM INFORMATION (KOHA) |
| Withdrawn status [LOCAL, KOHA] |
0 |
| 952 ## - LOCATION AND ITEM INFORMATION (KOHA) |
| Withdrawn status [LOCAL, KOHA] |
0 |
| 952 ## - LOCATION AND ITEM INFORMATION (KOHA) |
| Withdrawn status [LOCAL, KOHA] |
0 |